000 01532cam a22003614a 4500
001 0000000203
005 20170406112445.0
008 010426s2001 nyuab b 001 0ceng
010 _a 2001024913
020 _a0781808960 (pbk.)
035 _a12391487
040 _aDLC
_cDLC
_dDLC
042 _ac=Program for Cooperative Cataloging
043 _ae-gx---
050 0 0 _aDD247.H5
_bL295 2001
082 0 0 _a943.086/092
_aB
_221
100 1 _aLattimer, John K.
_q(John Kingsley),
_d1914-2007.
240 1 0 _aHitler's fatal sickness and other secrets of the Nazi leaders
245 1 0 _aHitler and the Nazi leaders :
_ba unique insight into evil /
_cJohn K. Lattimer.
250 _aPbk. ed.
260 _aNew York :
_bHippocrene Books,
_c2001.
300 _a272 p. :
_bill., map ;
_c26 cm.
500 _aOriginally published in 1999 under the title: Hitler's fatal sickness and other secrets of the Nazi leaders.
504 _aIncludes bibliographical references (p. 265-266) and index.
600 1 0 _aHitler, Adolf,
_d1889-1945.
650 0 _aNazis
_vBiography.
650 0 _aWar criminals
_vBiography.
856 4 1 _3Table of contents
_uhttp://www.loc.gov/catdir/toc/fy034/2001024913.html
906 _a7
_bcbc
_corignew
_d1
_eocip
_f20
_gy-gencatlg
908 _a130425
925 0 _aacquire
_b2 shelf copies
_xpolicy default
999 _c178
_d178